Welcome to the Holygrace Academy Library

Please use search bar below to get started

SOPHIE'S WORLD (Record no. 3223)

MARC details
000 -LEADER
fixed length control field 00635nam a22001457a 4500
020 ## - INTERNATIONAL STANDARD BOOK NUMBER
ISBN 978-1-85799-291-5
082 ## - DEWEY DECIMAL CLASSIFICATION NUMBER
Classification number 823
Item number GAA/S
100 ## - MAIN ENTRY--AUTHOR NAME
Personal name GAARDER, JOSTEIN
245 ## - TITLE STATEMENT
Title SOPHIE'S WORLD
260 ## - PUBLICATION, DISTRIBUTION, ETC. (IMPRINT)
Place of publication GREAT BRITAIN
Name of publisher HACHETTE
Year of publication 1995
300 ## - PHYSICAL DESCRIPTION
Number of Pages 436
520 ## - SUMMARY, ETC.
Summary, etc One day fourteen-year-old Sophie Amundsen comes home from school to find in her mailbox two notes, with one question on each: "Who are you?" and "Where does the world come from?" From that irresistible beginning, Sophie becomes obsessed with questions that take her far beyond what she knows of her Norwegian village.
650 ## - SUBJECT ADDED ENTRY--TOPICAL TERM
Topical Term NOVEL
Geographic subdivision UNITED KINGDOM
942 ## - ADDED ENTRY ELEMENTS (KOHA)
Koha item type Books
Holdings
Withdrawn status Lost status Collection code Home library Current library Shelving location Date acquired Source of acquisition Cost, normal purchase price Full call number Accession Number Koha item type
    Fiction Main Library Main Library SHELF-14E- ALPHABETICAL -E,F,G --ENGLISH NOVELS & FICTIONS 10/06/2010 purchase 350.00 823 GAA/S 05440 Books